Dutch Tradingposts and Colonies - Statistics

General Stats
  • This quiz has been taken 58 times
  • The average score is 12 of 20
Answer Stats
Trading Post Current Name % Correct
New Amsterdam New York City
98%
Dutch East Indies Indonesia
96%
Dutch Guyana Suriname
92%
Capecolony South Africa
86%
Ceylon Sri Lanka
86%
New Zeeland New Zealand
84%
Gold Coast Ghana
75%
Senegambia Senegal
75%
Dutch Brazil Brazil
71%
Batavia Jakarta
69%
Loango-Angola Coast Equatorial Guinea/ Democratic Republic of the Congo/ Republic of the Congo/ Gabon/ Angola
67%
New Holland Australia
65%
Dutch New Guinea West Papua
57%
Slave Coast Togo/ Benin/ Nigeria/ Equatorial Guinea/ São Tomé & Príncipe
53%
Van Diemen's Land Tasmania
43%
Dutch Malakka Malacca
25%
Fort Orange/ Beverwijck Albany
10%
New Walcheren Tobago
8%
Fort Endurance Maputo
2%
Fort Good Hope Hartford
0%
No matching quizzes found
Score Distribution
Percent of People with Each Score
Percentile by Number Answered
Your Score History
You have not taken this quiz